| 000 | 00761cam a22002533a 4500 | ||
|---|---|---|---|
| 001 | 1972 | ||
| 003 | PGUSA | ||
| 005 | 20140828083008.0 | ||
| 008 | 060226s2006||||xxu|||||s|||||000 | eng d | ||
| 040 |
_aPGUSA _beng |
||
| 042 | _adc | ||
| 050 | 4 | _aDA | |
| 100 | 1 | _aNennius, active 796 | |
| 245 | 1 | 0 |
_aHistory of the Britons (Historia Brittonum) _h[electronic resource] / _cactive 796 Nennius |
| 260 |
_bProject Gutenberg, _c2006 |
||
| 506 | _aPublic domain in the USA. | ||
| 516 | _aElectronic text | ||
| 653 | _aGreat Britain -- History -- Roman period, 55 B.C.-449 A.D. | ||
| 653 | _aBritons | ||
| 700 | 1 |
_aGiles, J. A. _q(John Allen), _d1808-1884 |
|
| 830 | 0 |
_aProject Gutenberg _v1972 |
|
| 856 | 4 | 0 | _uhttp://www.gutenberg.org/ebooks/1972 |
| 942 | _cEB | ||
| 999 |
_c231313 _d231313 |
||